<?xml version="1.0" encoding="UTF-8"?>
<record
    xmlns:xsi="http://www.w3.org/2001/XMLSchema-instance"
    xsi:schemaLocation="http://www.loc.gov/MARC21/slim http://www.loc.gov/standards/marcxml/schema/MARC21slim.xsd"
    xmlns="http://www.loc.gov/MARC21/slim">

  <leader>01003nam a2200277 a 4500</leader>
  <controlfield tag="005">20240528103619.0</controlfield>
  <controlfield tag="008">101001s2005||||sp a   f |||| 001 0 spa d</controlfield>
  <datafield tag="020" ind1=" " ind2=" ">
    <subfield code="a">8445813145</subfield>
  </datafield>
  <datafield tag="041" ind1=" " ind2=" ">
    <subfield code="a">spa</subfield>
  </datafield>
  <datafield tag="092" ind1=" " ind2=" ">
    <subfield code="c">611</subfield>
    <subfield code="l">75</subfield>
    <subfield code="s">ROU</subfield>
  </datafield>
  <datafield tag="100" ind1="1" ind2=" ">
    <subfield code="a">Rouviere, Henri.</subfield>
    <subfield code="9">74</subfield>
  </datafield>
  <datafield tag="245" ind1=" " ind2=" ">
    <subfield code="a">Anatom&#xED;a Humana. Descriptiva, topogr&#xE1;fica y funcional. </subfield>
    <subfield code="b">T.2 Tronco /</subfield>
    <subfield code="c">Henri Rouviere.</subfield>
  </datafield>
  <datafield tag="250" ind1=" " ind2=" ">
    <subfield code="a">11a ed. en espa&#xF1;ol </subfield>
    <subfield code="b">Traducci&#xF3;n Victor Gotzens Garc&#xED;a. Edici&#xF3;n revisada por Vincent Delmas</subfield>
  </datafield>
  <datafield tag="260" ind1=" " ind2=" ">
    <subfield code="a">Barcelona: </subfield>
    <subfield code="b">Masson;</subfield>
    <subfield code="c">2005.</subfield>
  </datafield>
  <datafield tag="300" ind1=" " ind2=" ">
    <subfield code="a">722 p.</subfield>
    <subfield code="b">il.</subfield>
  </datafield>
  <datafield tag="500" ind1=" " ind2=" ">
    <subfield code="a">Rouviere, H. y Delmas, A. (2005). Anatom&#xED;a Humana. Descriptiva, topogr&#xE1;fica y funcional. T.2 Tronco. (11a ed.). Barcelona : Masson.</subfield>
  </datafield>
  <datafield tag="653" ind1=" " ind2=" ">
    <subfield code="a">Esqueleto del tronco</subfield>
  </datafield>
  <datafield tag="653" ind1=" " ind2=" ">
    <subfield code="a">Articulaciones del tronco</subfield>
  </datafield>
  <datafield tag="653" ind1=" " ind2=" ">
    <subfield code="a">M&#xFA;sculos del tronco</subfield>
  </datafield>
  <datafield tag="653" ind1=" " ind2=" ">
    <subfield code="a">Coraz&#xF3;n y vasos del tronco</subfield>
  </datafield>
  <datafield tag="653" ind1=" " ind2=" ">
    <subfield code="a">Nervios del tronco</subfield>
  </datafield>
  <datafield tag="653" ind1=" " ind2=" ">
    <subfield code="a">V&#xED;sceras del tronco</subfield>
  </datafield>
  <datafield tag="700" ind1="1" ind2=" ">
    <subfield code="a">Delmas, Andr&#xE9;</subfield>
    <subfield code="9">1802</subfield>
  </datafield>
  <datafield tag="930" ind1=" " ind2=" ">
    <subfield code="a">2613</subfield>
  </datafield>
  <datafield tag="942" ind1=" " ind2=" ">
    <subfield code="2">ddc</subfield>
    <subfield code="c">BK</subfield>
    <subfield code="0">2</subfield>
  </datafield>
  <datafield tag="999" ind1=" " ind2=" ">
    <subfield code="c">1090</subfield>
    <subfield code="d">1090</subfield>
  </datafield>
  <datafield tag="952" ind1=" " ind2=" ">
    <subfield code="0">0</subfield>
    <subfield code="1">0</subfield>
    <subfield code="2">ddc</subfield>
    <subfield code="4">0</subfield>
    <subfield code="7">0</subfield>
    <subfield code="a">BFM</subfield>
    <subfield code="b">BFM</subfield>
    <subfield code="c">CR</subfield>
    <subfield code="d">2012-08-03</subfield>
    <subfield code="l">157</subfield>
    <subfield code="m">8</subfield>
    <subfield code="o">611 75 ROU</subfield>
    <subfield code="p">2613</subfield>
    <subfield code="r">2024-08-13</subfield>
    <subfield code="s">2024-06-27</subfield>
    <subfield code="t">ej.3</subfield>
    <subfield code="w">2012-08-03</subfield>
    <subfield code="y">BK</subfield>
    <subfield code="z">Donaci&#xF3;n Editorial, Julio 2012</subfield>
  </datafield>
  <datafield tag="952" ind1=" " ind2=" ">
    <subfield code="0">0</subfield>
    <subfield code="1">0</subfield>
    <subfield code="2">ddc</subfield>
    <subfield code="4">0</subfield>
    <subfield code="7">0</subfield>
    <subfield code="8">NFIC</subfield>
    <subfield code="a">BFM</subfield>
    <subfield code="b">BFM</subfield>
    <subfield code="c">CR</subfield>
    <subfield code="d">2013-07-26</subfield>
    <subfield code="e">PROMED</subfield>
    <subfield code="g">537.50</subfield>
    <subfield code="l">134</subfield>
    <subfield code="m">8</subfield>
    <subfield code="o">611 75 ROU</subfield>
    <subfield code="p">2994</subfield>
    <subfield code="q">2026-06-09</subfield>
    <subfield code="r">2026-06-02</subfield>
    <subfield code="s">2026-06-02</subfield>
    <subfield code="t">Ej. 4</subfield>
    <subfield code="w">2013-07-26</subfield>
    <subfield code="y">BK</subfield>
    <subfield code="z">PROMED 2do a&#xF1;o</subfield>
  </datafield>
  <datafield tag="952" ind1=" " ind2=" ">
    <subfield code="0">0</subfield>
    <subfield code="1">0</subfield>
    <subfield code="2">ddc</subfield>
    <subfield code="4">0</subfield>
    <subfield code="7">0</subfield>
    <subfield code="8">NFIC</subfield>
    <subfield code="a">BFM</subfield>
    <subfield code="b">BFM</subfield>
    <subfield code="c">CR</subfield>
    <subfield code="d">2013-07-26</subfield>
    <subfield code="e">PROMED</subfield>
    <subfield code="g">537.50</subfield>
    <subfield code="l">144</subfield>
    <subfield code="m">9</subfield>
    <subfield code="o">611 75 ROU</subfield>
    <subfield code="p">2995</subfield>
    <subfield code="r">2025-09-02</subfield>
    <subfield code="s">2025-08-26</subfield>
    <subfield code="t">Ej. 5</subfield>
    <subfield code="w">2013-07-26</subfield>
    <subfield code="y">BK</subfield>
    <subfield code="z">PROMED 2do a&#xF1;o</subfield>
  </datafield>
  <datafield tag="952" ind1=" " ind2=" ">
    <subfield code="0">0</subfield>
    <subfield code="1">0</subfield>
    <subfield code="2">ddc</subfield>
    <subfield code="4">0</subfield>
    <subfield code="7">0</subfield>
    <subfield code="8">NFIC</subfield>
    <subfield code="a">BFM</subfield>
    <subfield code="b">BFM</subfield>
    <subfield code="c">CR</subfield>
    <subfield code="d">2013-07-26</subfield>
    <subfield code="e">PROMED</subfield>
    <subfield code="g">537.50</subfield>
    <subfield code="l">149</subfield>
    <subfield code="m">9</subfield>
    <subfield code="o">611 75 ROU</subfield>
    <subfield code="p">2996</subfield>
    <subfield code="r">2024-09-19</subfield>
    <subfield code="s">2024-09-12</subfield>
    <subfield code="t">Ej. 6</subfield>
    <subfield code="w">2013-07-26</subfield>
    <subfield code="y">BK</subfield>
    <subfield code="z">PROMED 2do a&#xF1;o</subfield>
  </datafield>
  <datafield tag="952" ind1=" " ind2=" ">
    <subfield code="0">0</subfield>
    <subfield code="1">0</subfield>
    <subfield code="2">ddc</subfield>
    <subfield code="4">0</subfield>
    <subfield code="7">0</subfield>
    <subfield code="a">BFM</subfield>
    <subfield code="b">BFM</subfield>
    <subfield code="c">CR</subfield>
    <subfield code="d">2019-08-02</subfield>
    <subfield code="e">Compra UNComa, Julio 2019</subfield>
    <subfield code="l">5</subfield>
    <subfield code="o">611 75 ROU</subfield>
    <subfield code="p">4521</subfield>
    <subfield code="q">2026-06-09</subfield>
    <subfield code="r">2026-06-02</subfield>
    <subfield code="s">2026-06-02</subfield>
    <subfield code="t">Ej.8</subfield>
    <subfield code="w">2019-08-02</subfield>
    <subfield code="y">BK</subfield>
    <subfield code="z">Compra UNComa, Julio 2019</subfield>
  </datafield>
  <datafield tag="952" ind1=" " ind2=" ">
    <subfield code="0">0</subfield>
    <subfield code="1">0</subfield>
    <subfield code="2">ddc</subfield>
    <subfield code="4">0</subfield>
    <subfield code="7">0</subfield>
    <subfield code="a">BFM</subfield>
    <subfield code="b">BFM</subfield>
    <subfield code="c">CR</subfield>
    <subfield code="d">2019-08-02</subfield>
    <subfield code="e">Compra UNComa, Julio 2019</subfield>
    <subfield code="l">17</subfield>
    <subfield code="m">2</subfield>
    <subfield code="o">611 75 ROU</subfield>
    <subfield code="p">4522</subfield>
    <subfield code="r">2026-05-27</subfield>
    <subfield code="s">2026-05-20</subfield>
    <subfield code="t">Ej.9</subfield>
    <subfield code="w">2019-08-02</subfield>
    <subfield code="y">BK</subfield>
    <subfield code="z">Compra UNComa, Julio 2019</subfield>
  </datafield>
  <datafield tag="952" ind1=" " ind2=" ">
    <subfield code="0">0</subfield>
    <subfield code="1">0</subfield>
    <subfield code="2">ddc</subfield>
    <subfield code="4">0</subfield>
    <subfield code="7">0</subfield>
    <subfield code="a">BFM</subfield>
    <subfield code="b">BFM</subfield>
    <subfield code="c">CR</subfield>
    <subfield code="d">2019-08-02</subfield>
    <subfield code="e">Compra UNComa, Julio 2019</subfield>
    <subfield code="l">23</subfield>
    <subfield code="m">1</subfield>
    <subfield code="o">611 75 ROU</subfield>
    <subfield code="p">4523</subfield>
    <subfield code="r">2025-06-19</subfield>
    <subfield code="s">2025-06-12</subfield>
    <subfield code="t">Ej.10</subfield>
    <subfield code="w">2019-08-02</subfield>
    <subfield code="y">BK</subfield>
    <subfield code="z">Compra UNComa, Julio 2019</subfield>
  </datafield>
  <datafield tag="952" ind1=" " ind2=" ">
    <subfield code="0">0</subfield>
    <subfield code="1">0</subfield>
    <subfield code="2">ddc</subfield>
    <subfield code="4">0</subfield>
    <subfield code="7">0</subfield>
    <subfield code="a">BFM</subfield>
    <subfield code="b">BFM</subfield>
    <subfield code="c">CR</subfield>
    <subfield code="d">2019-08-02</subfield>
    <subfield code="e">Compra UNComa, Julio 2019</subfield>
    <subfield code="l">22</subfield>
    <subfield code="m">2</subfield>
    <subfield code="o">611 75 ROU</subfield>
    <subfield code="p">4524</subfield>
    <subfield code="r">2025-09-09</subfield>
    <subfield code="s">2025-09-04</subfield>
    <subfield code="t">Ej.11</subfield>
    <subfield code="w">2019-08-02</subfield>
    <subfield code="y">BK</subfield>
    <subfield code="z">Compra UNComa, Julio 2019</subfield>
  </datafield>
  <datafield tag="952" ind1=" " ind2=" ">
    <subfield code="0">0</subfield>
    <subfield code="1">0</subfield>
    <subfield code="2">ddc</subfield>
    <subfield code="4">0</subfield>
    <subfield code="7">0</subfield>
    <subfield code="a">BFM</subfield>
    <subfield code="b">BFM</subfield>
    <subfield code="c">CR</subfield>
    <subfield code="d">2019-08-02</subfield>
    <subfield code="e">Compra UNComa, Julio 2019</subfield>
    <subfield code="l">10</subfield>
    <subfield code="o">611 75 ROU</subfield>
    <subfield code="p">4525</subfield>
    <subfield code="r">2026-04-14</subfield>
    <subfield code="s">2026-04-10</subfield>
    <subfield code="t">Ej.12</subfield>
    <subfield code="w">2019-08-02</subfield>
    <subfield code="y">BK</subfield>
    <subfield code="z">Compra UNComa, Julio 2019</subfield>
  </datafield>
</record>
